000 00437nam a2200145Ia 4500
008 100204s9999 xx 000 0 und d
082 _b4030
100 _aबोरकर लक्ष्मीदास
245 _aभावधारा
260 _b"रंजना प्रकाशन , मुंबई"
_c1976
300 _a212
630 _aभावधारा
730 _aभावधारा
942 _cBOOK
999 _c448870
_d448867